Sports Quiz

Random Sports or Letter Quiz

Athlete Anagrams Quiz Stats

 Plays Quiz Updated Oct 15, 2019

Score 0/18 Timer 05:00
0 Plays Today
Anagram Name % Correct
Jerked TreeDerek Jeter
71.3%
Writes GoodTiger Woods
63.6%
Hi MammaMia Hamm
61.3%
Banker TobyKobe Bryant
54.7%
Tin Can MudTim Duncan
42.6%
Jones MarbleLeBron James
40%
A Hill Equals OneShaquille O'Neal
37%
Back Mad HivedDavid Beckham
28.4%
A Yawned DewDwyane Wade
20.3%
Anagram Name % Correct
Cheap Spell HimMichael Phelps
19.6%
Epic Hills MonkPhil Mickelson
18.3%
Each Kelvin OxAlex Ovechkin
17.9%
Macro Gnarl NestLance Armstrong
16.6%
Agent Ninny MopPeyton Manning
15.3%
Car Captain KidDanica Patrick
15%
Drys Icy BonesSidney Crosby
13.4%
Sorta TwentyTony Stewart
9.9%
Stamina FarMarat Safin
4.4%

You're not logged in!

Compare scores with friends on all Sporcle quizzes.
OR
Log In

Sporcle TV

Today on Sporcle TV


Watch our educational content, quiz creation guides, and fun videos on Sporcle TV.

Show Comments

Extras

Top Quizzes Today


Score Distribution

Your Account Isn't Verified!

In order to create a playlist on Sporcle, you need to verify the email address you used during registration. Go to your Sporcle Settings to finish the process.

Report this User

Report this user for behavior that violates our Community Guidelines.

Details: